[Event "Hull 4NCL Congress"]
[Site "Canham Turner Centre"]
[Date "2023.09.09"]
[Round "3"]
[Board "4"]
[White "Carroll, Thomas"]
[Black "Yu, Hongyi"]
[Result "1/2-1/2"]
[WhiteElo "2048"]
[BlackElo "2063"]
[PlyCount "0"]
[EventDate "2023.09.08"]
[EventRounds "5"]
[EventCountry "ENG"]

1. d4 d6 2. e4 Nf6 3. Bd3 g6 4. Nf3 Bg7 5. c3 c6 6. O-O O-O 7. Re1 Qc7 8. Nbd2 e5
9. a4 a5 10. Bf1 Re8 11. dxe5 dxe5 12. Nc4 Bg4 13. Qd6 Qxd6 14. Nxd6 Re7 15. Ng5
Be6 16. Nxe6 fxe6 17. Be3 Nbd7 18. f3 Rb8 19. b4 b6 20. Reb1 Ne8 21. Nc4 axb4 22.
Rxb4 b5 23. Rab1 bxc4 24. Rxb8 Nxb8 25. Rxb8 Kf7 26. Bxc4 Nd6 27. Bf1 Nb7 28. Rc8
c5 29. Bb5 Kf6 30. c4 Na5 31. Bxc5 Rb7 32. Bf8 Bxf8 33. Rxf8+ Ke7 34. Ra8 Nb3 35.
a5 Kd6 36. a6 Rc7 37. Rd8+ Kc5 38. Rd7 Rxd7 39. Bxd7 Kb6 40. Bxe6 Kxa6 41. Bg8 h6
42. Bf7 g5 43. Kf2 Kb6 44. Kg3 Kc5 45. Kg4 Kd6 46. Kh5 Ke7 47. Bd5 Kf6 48. Kxh6 Nc5
49. Kh5 Nd3 50. h4 Nf4+ 51. Kg4 gxh4 52. Kxh4 Nxg2+ 53. Kg3 Nf4 54. Kg4 Nd3 55. Bc6
Nb2 56. Bb5 Nd3 57. Ba4 Nf2+ 58. Kg3 Nd3 59. Bc2 Nf4 60. c5 Ne6 61. c6 Ke7 62. Bb3
Nd4 63. Bd5 Kd6 64. Kf2 Nc2 65. Kg3 Nd4 66. Kg4 Ne2 67. Bc4 Nd4 68. Bd5 Ne2 69. Kf5
Nd4+ 70. Kf6 Nxf3 71. Kf7 Nd4 72. Ke8 Nb5 73. Kd8 Nc7 74. Kc8 Nb5 75. Kb7 Nc7 76.
Kb6 Na8+ 77. Ka7 Nc7 78. Kb7 Ne8 79. Bf7 Nc7 80. Kb6 Na8+ 81. Kb7 Nc7 82. Bb3 Ne8
83. Kc8 Nc7 84. Ba4 Ne6 85. Bb5 Nc7 86. Ba4 Ne6 87. Bb3 Nc7 88. Bd5 Nb5 89. Kd8 Nc7
90. Bf7 Nb5 91. Bg6 Nc7 92. Bf5  1/2-1/2

[Event "Hull 4NCL Congress"]
[Site "Canham Turner Centre"]
[Date "2023.09.09"]
[Round "3"]
[Board "5"]
[White "Britton, Richard"]
[Black "Ther, Mate"]
[Result "1-0"]
[WhiteElo "2107"]
[BlackElo "1988"]
[PlyCount "0"]
[EventDate "2023.09.08"]
[EventRounds "5"]
[EventCountry "ENG"]

1. e4 e5 2. Nf3 Nc6 3. Bb5 a6 4. Ba4 Nf6 5. O-O Nxe4 6. d4 Be7 7. Re1 b5 8. Bb3 d5
9. dxe5 Be6 10. c3 O-O 11. Be3 Bc5 12. Nbd2 Bxe3 13. Rxe3 Nc5 14. Nd4 Ne7 15. Bc2
Nd7 16. b4 c5 17. bxc5 Nxc5 18. Qh5 g6 19. Qh6 Kh8 20. Nxe6 fxe6 21. Rh3 Rf7 22.
Nf3 Nf5 23. Bxf5 gxf5 24. Ng5 Raa7 25. Nxf7+ Rxf7 26. Qf4 Rg7 27. Rg3 Rxg3 28. Qxg3
Qf8 29. Qe3 Qc8 30. f3 Qc7 31. h4 Nd7 32. Re1 Kg7 33. h5 h6 34. g4 fxg4 35. fxg4
Qd8 36. Qf4 Qb6+ 37. Kg2 Qd8 38. Rf1 Qe7 39. Kh3 a5 40. Rf3 Qe8 41. a4 bxa4 42. Qxa4
Qe7 43. Qf4 Nc5 44. g5 Ne4 45. gxh6+ Kg8 46. Rf1 Ng5+ 47. Kh2 Kh7 48. Qg4 Kxh6 49.
Rf6+  1-0

[Event "Hull 4NCL Congress"]
[Site "Canham Turner Centre"]
[Date "2023.09.09"]
[Round "3"]
[Board "6"]
[White "Burnett, Jim"]
[Black "Bulford, Michael J"]
[Result "1/2-1/2"]
[WhiteElo "2008"]
[BlackElo "2285"]
[PlyCount "0"]
[EventDate "2023.09.08"]
[EventRounds "5"]
[EventCountry "ENG"]

1. d4 Nf6 2. c4 e6 3. Nf3 d5 4. Nc3 c6 5. Bg5 Nbd7 6. cxd5 exd5 7. e3 Bd6 8. Bd3
O-O 9. Qc2 h6 10. Bh4 b5 11. Bg3 Qe7 12. O-O Bxg3 13. hxg3 b4 14. Na4 Bb7 15. Rac1
Ne4 16. Bxe4 dxe4 17. Nd2 f5 18. Rfe1 Rac8 19. Qb3+ Kh8 20. a3 Ba6 21. axb4 Bb5 22.
Nc5 Nf6 23. Ra1 Nd5 24. Ra5 Rb8 25. Rea1 a6 26. Nb1 Nc7 27. Nc3 Qf7 28. Qxf7 Rxf7
29. Nxb5 axb5 30. Na6 Rc8 31. Nxc7 Rfxc7 32. Rc1 Kg8 33. Rc5 g6 34. f3 Kf7 35. Ra1
exf3 36. gxf3 Re7 37. Kf2 Rce8 38. Ra3 Re6 39. Rac3 Ra8 40. Rxc6 Rxc6 41. Rxc6 Ra4
42. Rc2 Rxb4 43. Rd2 Ke6 44. e4 fxe4 45. fxe4 Kd6 46. Kf3 Ra4 47. Ke3 Ra1 48. Rh2
Re1+ 49. Kf4 Rf1+ 50. Kg4 Re1 51. Kf3 Rf1+ 52. Ke2 Rg1 53. Rxh6 Rxg3 54. Kf2 Rg5
55. Kf3 Rg1 56. Kf2 Rg5 57. Rh3 Rg4 58. Kf3 Rg1 59. Rg3 Rf1+ 60. Ke2 Rb1 61. Rxg6+
Kd7 62. Kd3 Rxb2 63. d5 b4 64. Kd4 b3 65. Rg7+ Kc8 66. Rg1 Rh2 67. Rg3 b2 68. Rb3
Kc7 69. e5 Rd2+ 70. Ke4 Rf2 71. Ke3 Rf5 72. Rxb2 Rxe5+ 73. Kd4 Rh5 74. Rg2 Rh6 75.
Kc5 Kd8 76. Rg7 Rf6 77. d6 Rf1  1/2-1/2

[Event "Hull 4NCL Congress"]
[Site "Canham Turner Centre"]
[Date "2023.09.09"]
[Round "3"]
[Board "7"]
[White "Gormally, Daniel W"]
[Black "Bedi, Adam"]
[Result "1-0"]
[WhiteElo "2449"]
[BlackElo "1841"]
[PlyCount "0"]
[EventDate "2023.09.08"]
[EventRounds "5"]
[EventCountry "ENG"]

1. d4 d5 2. c4 e6 3. Nf3 Nf6 4. g3 Be7 5. Bg2 c6 6. O-O O-O 7. Nbd2 Nbd7 8. Qc2 b6
9. e4 Nxe4 10. Nxe4 dxe4 11. Qxe4 Bb7 12. Rd1 Re8 13. Bf4 Qc8 14. Ne5 Nxe5 15. Bxe5
Qd8 16. c5 Bf6 17. b4 Rc8 18. Qe2 Qe7 19. Bd6 Qd7 20. Rac1 Red8 21. Be4 Qe8 22. Qh5
g6 23. Qf3 Bg7 24. a4 Bf8 25. Be5 Bg7 26. Qf4 Bxe5 27. dxe5 Rxd1+ 28. Rxd1 Rd8 29.
Rd6 a5 30. cxb6 axb4 31. Qd2 Rxd6 32. exd6 b3 33. d7 Qd8 34. Qd6 b2 35. Qc7  1-0

[Event "Hull 4NCL Congress"]
[Site "Canham Turner Centre"]
[Date "2023.09.09"]
[Round "3"]
[Board "8"]
[White "Zhu, Yaoyao"]
[Black "Southcott-Moyers, Indy"]
[Result "0-1"]
[WhiteElo "1957"]
[BlackElo "2006"]
[PlyCount "0"]
[EventDate "2023.09.08"]
[EventRounds "5"]
[EventCountry "ENG"]

1. e4 e5 2. Nf3 Nc6 3. Bb5 a6 4. Ba4 Nf6 5. O-O Be7 6. Re1 b5 7. Bb3 d6 8. c3 O-O
9. h3 Nb8 10. d4 Nbd7 11. Nbd2 Bb7 12. Bc2 Re8 13. Nf1 Bf8 14. Ng3 g6 15. a4 Bg7
16. Bg5 h6 17. Bd2 c5 18. d5 c4 19. Qc1 Kh7 20. Nh2 Nc5 21. f4 exf4 22. Bxf4 bxa4
23. Bxa4 Nd3 24. Qd2 Re7 25. Nf3 Nxe1 26. Rxe1 Nd7 27. Kh2 Nc5 28. Bc2 Qd7 29. Nd4
Rae8 30. Ndf5 gxf5 31. Nxf5 Re5 32. Nxg7 Kxg7 33. Bxh6+ Kh7 34. Qf4 Qe7 35. Re3 Rg8
36. h4 Rg6 37. Bg5 f6  0-1

[Event "Hull 4NCL Congress"]
[Site "Canham Turner Centre"]
[Date "2023.09.09"]
[Round "3"]
[Board "9"]
[White "Skettos, Nicolas"]
[Black "Walker, Martin G"]
[Result "0-1"]
[WhiteElo "1903"]
[BlackElo "2099"]
[PlyCount "0"]
[EventDate "2023.09.08"]
[EventRounds "5"]
[EventCountry "ENG"]

1. e4 Nf6 2. Nc3 d5 3. e5 Nfd7 4. f4 e6 5. Nf3 c5 6. d4 Nc6 7. Be3 Be7 8. Qd2 O-O
9. dxc5 Bxc5 10. Bxc5 Nxc5 11. O-O-O Qa5 12. Kb1 Rb8 13. Bd3 Nxd3 14. cxd3 b5 15.
Ne2 b4 16. Rc1 Bd7 17. Ned4 Nxd4 18. Nxd4 Qb6 19. Nb3 a5 20. d4 Bb5 21. Nc5 Qa7 22.
g4 Bd7 23. Rhf1 f5 24. exf6 Rxf6 25. Qe3 Re8 26. Qe5 Bb5 27. Rf3 Qf7 28. Nb3 Qg6+
29. Ka1 Qxg4 30. Rg3 Qxf4 31. Rc7 Qxe5 32. Rgxg7+ Kf8 33. dxe5 Rf1+ 34. Nc1 Rxc1+
 0-1

[Event "Hull 4NCL Congress"]
[Site "Canham Turner Centre"]
[Date "2023.09.09"]
[Round "3"]
[Board "10"]
[White "Cooper, John G"]
[Black "Phillips, David"]
[Result "0-1"]
[WhiteElo "2107"]
[BlackElo "1852"]
[PlyCount "0"]
[EventDate "2023.09.08"]
[EventRounds "5"]
[EventCountry "ENG"]

1. e4 c6 2. d4 d5 3. e5 c5 4. c3 Nc6 5. Nf3 cxd4 6. cxd4 Bg4 7. Bb5 e6 8. O-O Nge7
9. Nc3 a6 10. Ba4 b5 11. Bc2 Nf5 12. Be3 Nh4 13. Bd3 Bxf3 14. gxf3 Nxd4 15. Kh1 Nhxf3
16. Bxb5+ axb5 17. Bxd4 Nxd4 18. Qxd4 b4 19. Nb5 Qd7 20. Nd6+ Bxd6 21. exd6 O-O 22.
Qxb4 Rfb8 23. Qc5 Rc8 24. Qd4 Qxd6 25. Rfc1 Rcb8 26. Rg1 e5 27. Qg4 g6 28. b3 Rb4
29. Qg5 Rf4 30. Rge1 Rxf2 31. Rxe5 f6 32. Qg3  0-1

[Event "Hull 4NCL Congress"]
[Site "Canham Turner Centre"]
[Date "2023.09.09"]
[Round "3"]
[Board "11"]
[White "Ciuravin, Andrei"]
[Black "Larchikov, Maksym"]
[Result "1/2-1/2"]
[WhiteElo "2067"]
[BlackElo "1829"]
[PlyCount "0"]
[EventDate "2023.09.08"]
[EventRounds "5"]
[EventCountry "ENG"]

1. d4 d5 2. Nf3 Nf6 3. Bg5 e6 4. Nbd2 Be7 5. e3 b6 6. c3 h6 7. Bh4 Bb7 8. Bb5+ c6
9. Bd3 Nbd7 10. O-O Qc7 11. Re1 c5 12. Bg3 Bd6 13. e4 dxe4 14. Bxd6 Qxd6 15. Nxe4
Nxe4 16. Bxe4 Bxe4 17. Rxe4 O-O 18. dxc5 Qxd1+ 19. Rxd1 Nxc5 20. Red4  1/2-1/2

[Event "Hull 4NCL Congress"]
[Site "Canham Turner Centre"]
[Date "2023.09.09"]
[Round "3"]
[Board "12"]
[White "Collinson, Mark I"]
[Black "Buanne, Luca"]
[Result "1-0"]
[WhiteElo "1818"]
[BlackElo "1898"]
[PlyCount "0"]
[EventDate "2023.09.08"]
[EventRounds "5"]
[EventCountry "ENG"]

1. d4 Nf6 2. c4 e6 3. g3 Bb4+ 4. Bd2 Be7 5. Bg2 d5 6. Nf3 O-O 7. cxd5 exd5 8. Nc3
c6 9. O-O Ne4 10. Ne5 Nxd2 11. Qxd2 Bf5 12. Rad1 Nd7 13. e4 dxe4 14. Nxe4 Nf6 15.
Nc3 Qc7 16. Rfe1 Rad8 17. Qf4 Be6 18. Nxf7 Qxf4 19. Nxd8 Qb8 20. Nxe6 Re8 21. d5
c5 22. Ne4 Nxe4 23. Rxe4 Qd6 24. Rde1 Bf6 25. Nxc5 Rf8 26. Ne6 Rc8 27. Nd4 Qb6 28.
Nf5 Rc2 29. R4e2 Rxb2 30. Rxb2 Bxb2 31. d6 Qc5 32. Bd5+  1-0

[Event "Hull 4NCL Congress"]
[Site "Canham Turner Centre"]
[Date "2023.09.09"]
[Round "3"]
[Board "14"]
[White "Arora, Tashika"]
[Black "Mize, Dylan"]
[Result "1-0"]
[WhiteElo "1975"]
[BlackElo "1790"]
[PlyCount "0"]
[EventDate "2023.09.08"]
[EventRounds "5"]
[EventCountry "ENG"]

1. d4 Nf6 2. c4 e6 3. g3 Bb4+ 4. Bd2 Qe7 5. Nc3 O-O 6. Nf3 b6 7. Bg2 Bb7 8. O-O d6
9. Re1 a5 10. Bg5 Bxc3 11. bxc3 Nbd7 12. e4 e5 13. Rb1 h6 14. Bxf6 Qxf6 15. Qd2 Ba6
16. Qd3 Rad8 17. Nd2 h5 18. Qe3 g6 19. f4 Rfe8 20. Rf1 Qg7 21. Qf2 Re7 22. Kh1 f6
23. Bh3 Bb7 24. Bxd7 Rexd7 25. d5 Re7 26. fxe5 fxe5 27. Qe3 Rf8 28. Rxf8+ Qxf8 29.
Kg2 Rf7 30. Nf3 Bc8 31. Nh4 Kh7 32. h3 Qh6 33. Qe2 Qg5 34. Nf3 Bxh3+ 35. Kxh3 Qg4+
36. Kg2 h4 37. Rf1 Qxg3+ 38. Kh1 Qh3+ 39. Kg1 Qg4+ 40. Qg2 Qxg2+ 41. Kxg2 Kh6 42.
Nxh4 Rxf1 43. Kxf1 Kg5 44. Ng2 Kg4 45. Kf2 g5 46. a4 Kh3 47. Ne3 g4 48. Nf1 Kh4 49.
Kg2 Kg5 50. Kg3 Kh5 51. Ne3  1-0

[Event "Hull 4NCL Congress"]
[Site "Canham Turner Centre"]
[Date "2023.09.09"]
[Round "3"]
[Board "15"]
[White "Varley, Joe"]
[Black "Walker, Jack"]
[Result "1-0"]
[WhiteElo "1937"]
[BlackElo "1811"]
[PlyCount "0"]
[EventDate "2023.09.08"]
[EventRounds "5"]
[EventCountry "ENG"]

1. e4 e6 2. d4 d5 3. Nd2 c5 4. exd5 Qxd5 5. dxc5 Nf6 6. Ngf3 Qxc5 7. Bd3 Be7 8. O-O
O-O 9. Re1 Qc7 10. Nb3 b6 11. Bg5 Bb7 12. Qe2 a6 13. c3 Nbd7 14. Nbd4 Bd6 15. Rad1
Rfe8 16. Bc2 g6 17. h3 Kg7 18. Qd2 Bc5 19. Bxf6+ Nxf6 20. Ne5 Rad8 21. Qe3 Bxd4 22.
Rxd4 Rxd4 23. Qxd4 Rd8 24. Qf4 Ng8 25. Bb3 f6 26. Nxg6 e5 27. Nxe5 fxe5 28. Rxe5
Kh8 29. Qe3 Nf6 30. Re7 Qc6 31. Qg5 Qxg2+ 32. Qxg2 Bxg2 33. Kxg2 Rd2 34. Re6 Nd7
35. Kf3 Nc5 36. Rxb6 Rxb2 37. Ke3 a5 38. Rb5 Nxb3 39. axb3 a4 40. bxa4 Ra2 41. a5
Kg7 42. Rb7+ Kf6 43. Rb6+ Ke5 44. a6 Kd5 45. Rh6  1-0

[Event "Hull 4NCL Congress"]
[Site "Canham Turner Centre"]
[Date "2023.09.09"]
[Round "3"]
[Board "16"]
[White "Samarakoon, Vivash"]
[Black "Sheppard, Derek A"]
[Result "1/2-1/2"]
[WhiteElo "1784"]
[BlackElo "1664"]
[PlyCount "0"]
[EventDate "2023.09.08"]
[EventRounds "5"]
[EventCountry "ENG"]

1. e4 e6 2. d4 d5 3. exd5 exd5 4. Bd3 Nc6 5. c3 Bd6 6. Ne2 Nge7 7. Bg5 f6 8. Bf4
Bf5 9. Bxf5 Nxf5 10. O-O O-O 11. Qb3 Nfe7 12. Nd2 Qd7 13. Rfe1 Na5 14. Qd1 Nac6 15.
a4 Ng6 16. Bxd6 Qxd6 17. Qb3 Nd8 18. Ne4 Qc6 19. Nc5 a5 20. f3 b6 21. Nd3 Ne6 22.
f4 Ne7 23. Ng3 Rfe8 24. f5 Nf8 25. Re3 Rad8 26. Rae1 Kf7 27. Qa3 Qd6 28. Qxd6 Rxd6
29. Nf4 Rdd8 30. Kf2 c6 31. Ne6 Nxe6 32. Rxe6 Rc8 33. Rd6 Red8 34. Ree6 Rb8 35. Kf3
Rxd6 36. Rxd6 b5 37. axb5 Rxb5 38. Rd7 Rxb2 39. Ra7 Ra2 40. Ne2 a4 41. g4 Ra1 42.
h3 a3 43. Ke3 a2 44. Kd2 Rh1 45. Rxa2 Rxh3 46. Ra1 Rh4 47. Rg1 g6 48. fxg6+ hxg6
49. Ke3 f5 50. g5 Ke6 51. Nf4+ Kf7 52. Kf3 Nc8 53. Rb1 Nd6 54. Ra1 Nb5 55. Ra6 Nxc3
56. Rxc6 Ne4 57. Rc7+ Ke8 58. Nxg6 Nxg5+ 59. Ke3 Re4+ 60. Kd3 Ne6 61. Re7+ Kd8 62.
Rf7 Rxd4+ 63. Ke3 Re4+ 64. Kd3 Nf4+ 65. Nxf4 Rxf4 66. Ke3 Re4+ 67. Kd3 f4 68. Rf5
Re3+ 69. Kd4 Rf3 70. Kxd5 Rf1 71. Kd4  1/2-1/2

[Event "Hull 4NCL Congress"]
[Site "Canham Turner Centre"]
[Date "2023.09.09"]
[Round "3"]
[Board "17"]
[White "Rich, Aaron"]
[Black "Wells, Peter K"]
[Result "0-1"]
[WhiteElo "1599"]
[BlackElo "2341"]
[PlyCount "0"]
[EventDate "2023.09.08"]
[EventRounds "5"]
[EventCountry "ENG"]

1. b3 d5 2. Bb2 Bg4 3. h3 Bh5 4. Nf3 Bxf3 5. exf3 e6 6. d4 g6 7. Nd2 Bg7 8. f4 c5
9. Bb5+ Nc6 10. Bxc6+ bxc6 11. Nf3 Qa5+ 12. Qd2 Qxd2+ 13. Kxd2 Nf6 14. Ne5 cxd4 15.
Bxd4 c5 16. Bb2 Ne4+ 17. Ke1 f6 18. Nf3 O-O 19. Nd2 Nxd2 20. Kxd2 Bh6 21. g3 e5 22.
Ke3 exf4+ 23. gxf4 Rae8+ 24. Kf3 Re4 25. Bc1 Rfe8 26. Bd2 Kf7 27. Rhe1 f5 28. Rab1
R8e6 29. a4 Ke8 30. Rxe4 fxe4+ 31. Kg4 Bf8 32. a5 Be7 33. b4 h5+ 34. Kg3 cxb4 35.
Bxb4 Rc6 36. Bxe7 Kxe7 37. Rb7+ Kf6 38. Rxa7 Rc3+ 39. Kg2 Rxc2 40. Kf1 d4 41. Ke1
d3 42. a6 Re2+ 43. Kf1 Ra2 44. Ke1 Ra1+ 45. Kd2 Rf1 46. Rd7 Rxf2+ 47. Kd1 Ra2 48.
a7 Ke6 49. Rd4 Kf5 50. Rd7 Kxf4  0-1

[Event "Hull 4NCL Congress"]
[Site "Canham Turner Centre"]
[Date "2023.09.09"]
[Round "3"]
[Board "18"]
[White "Krzyzanowski, Patryk"]
[Black "Bhatia, Kanishka"]
[Result "1-0"]
[WhiteElo "2090"]
[BlackElo "1660"]
[PlyCount "0"]
[EventDate "2023.09.08"]
[EventRounds "5"]
[EventCountry "ENG"]

1. d4 Nf6 2. c4 e6 3. Nf3 Bb4+ 4. Bd2 Bxd2+ 5. Qxd2 d5 6. Nc3 O-O 7. cxd5 exd5 8.
Qf4 c6 9. e3 Re8 10. Bd3 Nbd7 11. g4 g6 12. O-O-O Qe7 13. h4 Nf8 14. Rdg1 Ne6 15.
Qg3 Nxg4 16. h5 Ng5 17. hxg6 fxg6 18. Ne5 Nxe5 19. dxe5 Ne4 20. Nxe4 dxe4 21. Bxe4
Qxe5 22. Bxg6 Qxg3 23. Bxh7+ Kf8 24. Rxg3 Be6 25. Bg6 Red8 26. Rh7 b5 27. Be4 a5
28. a3 Bb3 29. Bc2 Bd5 30. e4 Be6 31. Rg6 Bg8 32. Rf6+ Ke8 33. Rg7 Bc4 34. b3 Be2
35. e5 Bh5 36. Rh7 a4 37. Rxh5 b4 38. Rh7 Rd7 39. Rh8+ Ke7 40. Rxa8 bxa3 41. Bg6
Rd4 42. Ra7+ Rd7 43. Rf7+ Ke8 44. Rfxd7+ Kf8 45. Rd8#  1-0

[Event "Hull 4NCL Congress"]
[Site "Canham Turner Centre"]
[Date "2023.09.09"]
[Round "3"]
[Board "19"]
[White "Raynes, Paul"]
[Black "Pal, Rohan"]
[Result "1/2-1/2"]
[WhiteElo "1962"]
[BlackElo "1910"]
[PlyCount "0"]
[EventDate "2023.09.08"]
[EventRounds "5"]
[EventCountry "ENG"]

1. d4 Nf6 2. Bf4 b6 3. Nc3 Bb7 4. e3 g6 5. h4 Bg7 6. h5 Nxh5 7. Rxh5 gxh5 8. Qxh5
e6 9. Nf3 d6 10. Bg5 Bf6 11. Bb5+ c6 12. Ba4 d5 13. Ne5 Qe7 14. f4 Bxg5 15. fxg5
b5 16. Nxb5 cxb5 17. Bxb5+ Kd8 18. Nxf7+ Kc7 19. Nxh8 Qb4+ 20. c3 Qxb5 21. O-O-O
Nd7 22. Qxh7 Qe2 23. Nf7 Qxe3+ 24. Rd2 Qe1+ 25. Rd1 Qe3+ 26. Rd2 Qe1+ 27. Rd1 Qe3+
 1/2-1/2

[Event "Hull 4NCL Congress"]
[Site "Canham Turner Centre"]
[Date "2023.09.09"]
[Round "3"]
[Board "20"]
[White "Bettley, Andrew D"]
[Black "Ravikumar, Pranava"]
[Result "0-1"]
[WhiteElo "1473"]
[BlackElo "1803"]
[PlyCount "0"]
[EventDate "2023.09.08"]
[EventRounds "5"]
[EventCountry "ENG"]

1. e4 c5 2. Nf3 Nc6 3. d4 cxd4 4. Nxd4 Nf6 5. Nc3 d6 6. Bg5 Qa5 7. Bb5 Bd7 8. Nb3
Qd8 9. O-O e6 10. Qe2 Be7 11. Rad1 Qc7 12. Be3 a6 13. Bd3 Na5 14. f3 O-O 15. Kh1
Bc6 16. Nd2 d5 17. Qf2 Nd7 18. a3 b5 19. Rfe1 Nc4 20. Nxc4 dxc4 21. Bf1 Bb7 22. Ne2
Nc5 23. Nf4 Na4 24. c3 Bd6 25. g3 Rad8 26. Bh3 Nc5 27. Rxd6 Nd3 28. Nxd3 Qxd6 29.
Nf4 Rfe8 30. Ne2 f5 31. exf5 exf5 32. Bxf5 Qe5 33. Nd4 Rxd4 34. Bxh7+ Kxh7 35. cxd4
Qh5 36. Rf1 Rf8 37. Kg2 g5 38. h3 g4 39. hxg4 Qxg4 40. Rh1+ Kg8 41. Rh4 Qxf3+ 42.
Qxf3 Rxf3 43. Bc1 Rc3+  0-1

[Event "Hull 4NCL Congress"]
[Site "Canham Turner Centre"]
[Date "2023.09.09"]
[Round "3"]
[Board "21"]
[White "Ilett, Raymond J"]
[Black "Parry, Samuel A"]
[Result "0-1"]
[WhiteElo "1781"]
[BlackElo "1807"]
[PlyCount "0"]
[EventDate "2023.09.08"]
[EventRounds "5"]
[EventCountry "ENG"]

1. d4 Nf6 2. c4 g6 3. Nc3 Bg7 4. e4 d6 5. Nf3 O-O 6. Be2 e5 7. dxe5 dxe5 8. Qxd8
Rxd8 9. Bg5 Re8 10. O-O-O c6 11. Nxe5 Na6 12. f4 Nc5 13. Bf3 a5 14. Rhe1 Be6 15.
Kc2 h6 16. Bxf6 Bxf6 17. Ng4 Bxg4 18. Bxg4 Bxc3 19. Kxc3 Rxe4 20. Bf3 Rxf4 21. Re5
Ne6 22. Rd7 Ng5 23. Rxb7 Nxf3 24. gxf3 a4 25. Kb4 a3 26. bxa3 Rxf3 27. a4 g5 28.
Ree7 g4 29. a5 Rf5 30. Ra7 Rxa7 31. Rxa7 Rf2 32. a4 Rxh2 33. a6 Rb2+ 34. Ka5 Rb8
35. Rb7 Ra8 36. Rb3 h5 37. Rd3 h4 38. Kb6 g3 39. Rd4 f5 40. Kb7 Rxa6 41. Kxa6 g2
42. Rd1 h3 43. Rg1 Kf7 44. a5 h2 45. Rxg2 h1=Q 46. Rb2 Qc1 47. Rb7+ Kg6 48. Rb4 Qc3
49. Rb6 Qxc4+ 50. Kb7 Qf7+ 51. Kxc6 f4 52. a6 Qa2 53. Kb7+ Kg5 54. a7 Qd5+ 55. Ka6
Qa2+ 56. Kb7 Qd5+ 57. Ka6 Kg4 58. Rb8 Qc6+ 59. Rb6 Qc8+ 60. Ka5 f3 61. Rb8 Qc5+ 62.
Ka6 f2 63. Rg8+ Kf4 64. a8=Q f1=Q+ 65. Kb7 Qfb5#  0-1

[Event "Hull 4NCL Congress"]
[Site "Canham Turner Centre"]
[Date "2023.09.09"]
[Round "3"]
[Board "22"]
[White "Chesters, Graham"]
[Black "Rich, Ben S"]
[Result "0-1"]
[WhiteElo "1996"]
[BlackElo "1835"]
[PlyCount "0"]
[EventDate "2023.09.08"]
[EventRounds "5"]
[EventCountry "ENG"]

1. d4 c5 2. e3 Nf6 3. Nf3 e6 4. Bd3 Qc7 5. c4 g6 6. O-O Bg7 7. Nc3 a6 8. b3 O-O 9.
Bb2 d6 10. Qe2 Re8 11. Rfd1 Nbd7 12. Rac1 b6 13. Bb1 Bb7 14. dxc5 dxc5 15. e4 Rad8
16. Re1 Ng4 17. h3 Nge5 18. Nxe5 Nxe5 19. f4 Nc6 20. e5 Nd4 21. Qf2 f5 22. Ne2 Nc6
23. Bc3 Rd7 24. h4 Red8 25. a3 Bf8 26. Bc2 Nd4 27. Kh2 Be7 28. Ng1 Qc6 29. Nf3 Nxf3+
30. gxf3 Bxh4 31. Qxh4 Qxf3  0-1

[Event "Hull 4NCL Congress"]
[Site "Canham Turner Centre"]
[Date "2023.09.10"]
[Round "4"]
[Board "1"]
[White "Hebden, Mark L"]
[Black "Turner, Max N"]
[Result "0-1"]
[WhiteElo "2447"]
[BlackElo "2244"]
[PlyCount "0"]
[EventDate "2023.09.08"]
[EventRounds "5"]
[EventCountry "ENG"]

1. d4 d5 2. c4 e6 3. Nc3 Nf6 4. Bg5 Be7 5. e3 O-O 6. Rc1 h6 7. Bh4 b6 8. cxd5 Nxd5
9. Bxe7 Qxe7 10. Nxd5 exd5 11. Be2 Be6 12. Bf3 Rc8 13. Ne2 Nd7 14. Nc3 Nf6 15. O-O
c6 16. Re1 Qd6 17. a3 Rd8 18. h3 Rac8 19. Be2 c5 20. Ba6 Rb8 21. a4 c4 22. b3 Bc8
23. Nb5 Qe7 24. Bxc8 Rdxc8 25. bxc4 dxc4 26. d5 a6 27. d6 Qd7 28. Nc7 b5 29. e4 Ne8
30. Nxe8 Rxe8 31. Qd4 Rec8 32. e5 Qe6 33. axb5 axb5 34. f4 g6 35. g4 b4 36. Rf1 Rb5
37. d7 Rd8 38. Qxc4 Qxc4 39. Rxc4 Rxd7 40. Rf2 Rd3 41. Kg2 b3 42. Rb2 Kg7 43. Rc7
Kg8 44. Rc4 g5 45. fxg5 hxg5 46. Re4 Rb6 47. Ree2 Rc6 48. Rb1 Rcc3 49. e6 fxe6 50.
Rxe6 Rc2+  0-1

[Event "Hull 4NCL Congress"]
[Site "Canham Turner Centre"]
[Date "2023.09.10"]
[Round "4"]
[Board "2"]
[White "Southcott-Moyers, Indy"]
[Black "Britton, Richard"]
[Result "1/2-1/2"]
[WhiteElo "2006"]
[BlackElo "2107"]
[PlyCount "0"]
[EventDate "2023.09.08"]
[EventRounds "5"]
[EventCountry "ENG"]

1. d4 Nf6 2. Bf4 d5 3. e3 e6 4. Nf3 Bd6 5. Bg3 Bxg3 6. hxg3 c5 7. c3 Qb6 8. Qb3 Nc6
9. Nbd2 Qxb3 10. Nxb3 cxd4 11. exd4 Ke7 12. Bd3 b6 13. a4 a5 14. O-O Ba6 15. Nc1
Ne4 16. Re1 Bxd3 17. Nxd3 f6 18. Nh2 Kf7 19. Nf1 g5 20. f3 Nd6 21. Re2 h5 22. Rae1
Rhe8 23. Ne3 Rac8 24. Kf2 Ra8 25. Kg1 Rac8  1/2-1/2

[Event "Hull 4NCL Congress"]
[Site "Canham Turner Centre"]
[Date "2023.09.10"]
[Round "4"]
[Board "3"]
[White "Subramanian, Anusha"]
[Black "Gormally, Daniel W"]
[Result "0-1"]
[WhiteElo "1995"]
[BlackElo "2449"]
[PlyCount "0"]
[EventDate "2023.09.08"]
[EventRounds "5"]
[EventCountry "ENG"]

1. b3 e5 2. Bb2 Nc6 3. e3 Nge7 4. Nf3 d6 5. c4 g6 6. d4 Bg7 7. d5 Nb8 8. Nc3 O-O
9. Be2 Bg4 10. Nd2 Bxe2 11. Qxe2 Nd7 12. h4 h6 13. e4 f5 14. g4 fxg4 15. Qxg4 Nf6
16. Qg2 Nh5 17. Ne2 c6 18. dxc6 bxc6 19. Nf1 d5 20. exd5 cxd5 21. cxd5 Nxd5 22. O-O-O
Qc8+ 23. Kb1 Qf5+ 24. Ka1 Nb4 25. Ne3 Qxf2 26. Qxf2 Rxf2 27. Rhe1 Rf3 28. Bc3 a5
29. Bxb4 axb4 30. Ng1 Rf4 31. Nd5 Rxh4 32. Nc7 Rc8 33. Nd5 Rc2 34. Re2 Rxe2 35. Nxe2
Rh2 36. Re1 Nf4 37. Nexf4 exf4+ 38. Kb1 g5 39. Re8+ Kf7 40. Re7+ Kg6 41. Re6+ Kf5
42. Rb6 Ke4 43. Nxb4 f3 44. Re6+ Kf5 45. Re1 Bc3  0-1

[Event "Hull 4NCL Congress"]
[Site "Canham Turner Centre"]
[Date "2023.09.10"]
[Round "4"]
[Board "4"]
[White "Yu, Hongyi"]
[Black "Verma, Aditya"]
[Result "1/2-1/2"]
[WhiteElo "2063"]
[BlackElo "2140"]
[PlyCount "0"]
[EventDate "2023.09.08"]
[EventRounds "5"]
[EventCountry "ENG"]

1. e4 c5 2. Nf3 d6 3. d4 cxd4 4. Nxd4 Nf6 5. Nc3 g6 6. Be3 Bg7 7. f3 O-O 8. Qd2 Nc6
9. O-O-O d5 10. exd5 Nxd5 11. Nxc6 bxc6 12. Nxd5 cxd5 13. Qxd5 Qc7 14. Qc5 Qb7 15.
Bd4 Bf5 16. Qb5 Qc7 17. Qe2 Rfc8 18. c3 e5 19. Be3 Qa5 20. Kd2 Rd8+ 21. Ke1 Rxd1+
22. Qxd1 Qxa2 23. Bc1 Bf6 24. Bb5 a6 25. Ba4 Rd8 26. Qb3 Qb1 27. Kf2 e4 28. Rd1 e3+
29. Kxe3 Rxd1 30. Qxd1 Bg5+ 31. f4 Be7 32. Kf2 Bc5+ 33. Kf1 Qe4 34. Bb3 Bh3 35. gxh3
Qh1+ 36. Ke2 Qe4+  1/2-1/2

[Event "Hull 4NCL Congress"]
[Site "Canham Turner Centre"]
[Date "2023.09.10"]
[Round "4"]
[Board "5"]
[White "Phillips, David"]
[Black "Carroll, Thomas"]
[Result "1-0"]
[WhiteElo "1852"]
[BlackElo "2048"]
[PlyCount "0"]
[EventDate "2023.09.08"]
[EventRounds "5"]
[EventCountry "ENG"]

1. d4 Nf6 2. c4 e6 3. Nc3 c5 4. d5 exd5 5. cxd5 d6 6. e4 g6 7. h3 Bg7 8. Nf3 O-O
9. Bd3 b5 10. Nxb5 Re8 11. O-O Nxe4 12. Bxe4 Rxe4 13. Nc3 Re8 14. Bg5 Bf6 15. Bxf6
Qxf6 16. Re1 Rxe1+ 17. Qxe1 Kf8 18. Ne4 Qxb2 19. Nxd6 Bd7 20. Ne5 f6 21. Nec4 Qd4
22. Rd1 Qh4 23. Qa5 Bxh3 24. Qd8+ Kg7 25. Qe7+ Kh6 26. gxh3 Qxh3 27. Nf7+ Kh5 28.
Ne3 Nd7 29. Ne5 Nf8 30. Qxf6 Re8 31. Ng2  1-0

[Event "Hull 4NCL Congress"]
[Site "Canham Turner Centre"]
[Date "2023.09.10"]
[Round "4"]
[Board "6"]
[White "Walker, Martin G"]
[Black "Arora, Tashika"]
[Result "1/2-1/2"]
[WhiteElo "2099"]
[BlackElo "1975"]
[PlyCount "0"]
[EventDate "2023.09.08"]
[EventRounds "5"]
[EventCountry "ENG"]

1. e4 e5 2. Nf3 Nc6 3. Bb5 a6 4. Ba4 Nf6 5. O-O b5 6. Bb3 Bc5 7. Nxe5 Nxe5 8. d4
d6 9. dxe5 dxe5 10. Qxd8+ Kxd8 11. Bg5 Ke7 12. Nc3 c6 13. Rfe1 h6 14. Be3 Bxe3 15.
Rxe3 Be6 16. Bxe6 Kxe6 17. f3  1/2-1/2